Guess the Broadway Lyrics 3 (Difficult) Quiz Stats

 Plays Quiz not verified by Sporcle

Support Sporcle.
Go Orange.
Score 0/185 Timer 10:00
0 Plays Today
% Correct
I
97.9%
I
97.9%
a
97.2%
a
97.2%
a
97.2%
a
97.2%
a
97.2%
a
97.2%
a
97.2%
the
94.3%
the
94.3%
the
94.3%
The
94.3%
the
94.3%
the
94.3%
the
94.3%
the
94.3%
The
94.3%
the
94.3%
and
92.5%
and-
92.5%
and
92.5%
and-
92.5%
and
92.5%
you
87.6%
me!
76.5%
to
72.3%
to
72.3%
he
70.8%
Is
70.5%
Is
70.5%
in
70.3%
be:
69.7%
of
66.7%
of
66.7%
of
66.7%
of
66.7%
of
66.7%
of
66.7%
of
66.7%
of
66.7%
of
66.7%
of
66.7%
of
66.7%
of
66.7%
of
66.7%
of
66.7%
of
66.7%
When
63.9%
When
63.9%
When
63.9%
When
63.9%
so
60.8%
that
58.6%
that
58.6%
that
58.6%
that
58.6%
that
58.6%
that
58.6%
him
48.8%
him
48.8%
him
48.8%
% Correct
too!
46.7%
too.
46.7%
But
45.2%
But
45.2%
But
45.2%
his
44.7%
one
44.5%
one
44.5%
one
44.5%
was
44.2%
was
44.2%
was
44.2%
was
44.2%
was
44.2%
all
44%
all
44%
all
44%
all
44%
could
43.9%
man
39.6%
like
39.2%
us
39%
has
38.3%
has
38.3%
would
38%
never
35.2%
at
34.7%
by
34.6%
by
34.6%
just
33.1%
did
31.2%
out
30.3%
down!
25.8%
thought
25.6%
Wonder
24.3%
Wonder
24.3%
Wonder
24.3%
God
24%
up
24%
God
24%
God
24%
heart,
24%
God
24%
God
24%
today.
24%
God
24%
God
24%
God
24%
made
23.5%
made
23.5%
made
23.5%
(yes!),
23.5%
once
23.3%
hand
23.2%
miracle
22.7%
miracle
22.7%
miracle
22.7%
miracle.
22.7%
miracle,
22.7%
most
22.7%
miracle
22.7%
miracle
22.7%
% Correct
miracle.
22.7%
miracle,
22.7%
most
22.7%
wonders,
22.3%
wonders,
22.3%
wonders,
22.3%
took
22.2%
took
22.2%
miracles-
22%
miracles-
22%
miracles-
22%
long
22%
miracles
22%
miracles-
22%
miracles-
22%
miracles
22%
given
21.2%
gave
19.7%
Sea
18.9%
ago,
18.8%
manna
18.6%
through
18.3%
fall
18.1%
part,
18.1%
small,
18.1%
land!
18.1%
small,
18.1%
again,
17.9%
large
17.5%
large
17.5%
God's
17.3%
God's
17.3%
miraculous
16.8%
Led
16.8%
miraculous
16.8%
promised
16.6%
Red
16.5%
around
16.3%
Daniel
15.8%
side
15.3%
Moses
15.3%
lions'
15.2%
den!
15.2%
wall
15.2%
clay,
15.2%
lump
15%
tailor
14.5%
wilderness,
14.5%
Jericho,
14.4%
waters
14.4%
David
14.4%
Goliath
14.4%
afraid
14%
slew
13.9%
worthless
13.4%
frown,
13.2%
Stood
12.7%
Turned
12.6%
softened
12.1%
Walked
11.3%
Pharaoh's
10.1%

You're not logged in!

Compare scores with friends on all Sporcle quizzes.
OR
Log In

From the Vault

MLB All-Star First Basemen (AL)

by ian2813

If the 3rd base is the hot corner, then 1st base is probably the 'guy who is terrible at defense so we stuck him here' corner.
Remove Ads.
Support Sporcle.
Get the best of Sporcle when you Go Orange. This ad-free experience offers more features, more stats, and more fun while also helping to support Sporcle. Thank you for becoming a member.

Show Comments

Extras

Top Quizzes Today


Score Distribution

Your Account Isn't Verified!

In order to create a playlist on Sporcle, you need to verify the email address you used during registration. Go to your Sporcle Settings to finish the process.

Report this User

Report this user for behavior that violates our Community Guidelines.

Details: